[Event "DEM U12/U12w 2006"]
[Site "Willingen GER"]
[Date "2006.06.04"]
[Round "2"]
[White "Marquardt, Annabelle"]
[Black "Spangenberg, Romy"]
[Result "1/2-1/2"]
[Termination "normal"]
[Board "47"]
[WhiteElo "872"]
[BlackElo "1344"]
[PlyCount "98"]
[WhiteFideId "12900125"]
[BlackFideId "4627997"]
[EventCountry "GER"]
[EventRounds "11"]
[EventType "swiss"]
[EventDate "2006.06.03"]

1. e4 c5 2. Nf3 e6 3. d4 cxd4 4. Nxd4 Nc6 5. Nc3 Bb4 6. Ndb5 d6 7. a3 Ba5 8.
Nxd6+ Ke7 9. Nxc8+ Rxc8 10. Bd2 Nf6 11. Bd3 Ne5 12. Qe2 Re8 13. f4 Nxd3+ 14.
cxd3 Kf8 15. g4 Qd4 16. Rc1 Red8 17. g5 Ne8 18. b4 Bb6 19. h4 Qxd3 20. Qxd3
Rxd3 21. Ke2 Rcd8 22. Rc2 f5 23. Rf1 g6 24. Rf3 Rxf3 25. Kxf3 Rd3+ 26. Kg2 fxe4
27. Nxe4 Rxa3 28. Nc5 Bxc5 29. bxc5 a5 30. Rb2 a4 31. c6 Nd6 32. Bb4 Rb3 33.
Bxd6+ Kf7 34. Rxb3 axb3 35. Ba3 bxc6 36. Kf3 c5 37. Ke3 c4 38. Kd2 e5 39. fxe5
Ke6 40. Bb2 Kf5 41. Bd4 Ke6 42. Kc3 Kd5 43. e6 Kxe6 44. Kxc4 Kf5 45. Kxb3 Kg4
46. Bf2 Kh5 47. Kc4 h6 48. gxh6 Kxh6 49. Kd4 Kh5 1/2-1/2

[Event "DEM U12/U12w 2006"]
[Site "Willingen GER"]
[Date "2006.06.04"]
[Round "2"]
[White "Hümmecke, Miriam"]
[Black "Vetter, Henrike"]
[Result "1-0"]
[Termination "normal"]
[Board "48"]
[WhiteElo "1295"]
[BlackElo "836"]
[PlyCount "89"]
[EventCountry "GER"]
[EventRounds "11"]
[EventType "swiss"]
[EventDate "2006.06.03"]

1. e4 e6 2. d4 d5 3. exd5 exd5 4. Nf3 Nc6 5. Bf4 Nf6 6. Nc3 Bf5 7. Bb5 Bb4 8.
Ne5 Qe7 9. O-O Bd7 10. Nxc6 Bxc6 11. Re1 Ne4 12. Bxc6+ bxc6 13. f3 Qf6 14. Be5
Qg6 15. fxe4 dxe4 16. Qe2 e3 17. Qxe3 O-O 18. Qe4 Qh6 19. Qg4 g6 20. Bxc7 Rac8
21. Bf4 Qg7 22. Rad1 Rfd8 23. Qh3 Rxd4 24. Qxc8+ Bf8 25. Be5 Qh6 26. Rxd4 g5
27. Rd8 f6 28. Rxf8+ Qxf8 29. Qxf8+ Kxf8 30. Bxf6 h6 31. Bxg5 hxg5 32. Re5 Kf7
33. Rxg5 Ke7 34. Rg6 Kd7 35. Kf2 a5 36. Ke3 c5 37. Ke4 Ke7 38. Ke5 Kf7 39. Re6
c4 40. a4 Kg7 41. Rf6 Kh7 42. Ke6 Kg7 43. Ke7 Kh7 44. Kf7 Kh8 45. Rh6# 1-0

[Event "DEM U12/U12w 2006"]
[Site "Willingen GER"]
[Date "2006.06.04"]
[Round "2"]
[White "Hüglin, Larissa"]
[Black "Schareck, Martin"]
[Result "0-1"]
[Termination "normal"]
[Board "49"]
[WhiteElo "793"]
[BlackElo "1294"]
[PlyCount "54"]
[WhiteFideId "12911933"]
[EventCountry "GER"]
[EventRounds "11"]
[EventType "swiss"]
[EventDate "2006.06.03"]

1. e4 c5 2. Nc3 d6 3. Bc4 Nf6 4. d3 e6 5. f4 Nbd7 6. Nf3 a6 7. a4 Be7 8. O-O
O-O 9. Qe1 e5 10. fxe5 Nxe5 11. Nxe5 dxe5 12. Qg3 Qd6 13. Nd5 Kh8 14. Nxe7 Qxe7
15. Bg5 Rg8 16. Bxf6 gxf6 17. Qf3 Rg6 18. h4 Bg4 19. Qf2 Bh3 20. Qf3 Bxg2 21.
Qxg2 Rxg2+ 22. Kxg2 Rg8+ 23. Kh1 Qd7 24. Rf3 Qg4 25. Rf2 Qh3+ 26. Rh2 Qf3+ 27.
Rg2 Qxg2# 0-1